<?xml version="1.0" encoding="UTF-8"?>
<record
    xmlns:xsi="http://www.w3.org/2001/XMLSchema-instance"
    xsi:schemaLocation="http://www.loc.gov/MARC21/slim http://www.loc.gov/standards/marcxml/schema/MARC21slim.xsd"
    xmlns="http://www.loc.gov/MARC21/slim">

  <leader>00729nam a22001937a 4500</leader>
  <controlfield tag="005">20240111162224.0</controlfield>
  <datafield tag="010" ind1=" " ind2=" ">
    <subfield code="a">B-756523-527</subfield>
  </datafield>
  <datafield tag="020" ind1=" " ind2=" ">
    <subfield code="a">9788126018727</subfield>
    <subfield code="c">300.00</subfield>
  </datafield>
  <datafield tag="035" ind1=" " ind2=" ">
    <subfield code="a">B-756523-527</subfield>
  </datafield>
  <datafield tag="037" ind1=" " ind2=" ">
    <subfield code="a">Bookwell Publicaton</subfield>
  </datafield>
  <datafield tag="082" ind1=" " ind2=" ">
    <subfield code="a">820</subfield>
  </datafield>
  <datafield tag="100" ind1=" " ind2=" ">
    <subfield code="a">Naik, M K</subfield>
    <subfield code="9">60902</subfield>
  </datafield>
  <datafield tag="245" ind1=" " ind2=" ">
    <subfield code="a">A History of Indian English Literature/</subfield>
    <subfield code="c">By M K Naik </subfield>
  </datafield>
  <datafield tag="260" ind1=" " ind2=" ">
    <subfield code="a">New Delhi </subfield>
    <subfield code="b">Sahitya Akademi </subfield>
    <subfield code="c">2023</subfield>
  </datafield>
  <datafield tag="270" ind1=" " ind2=" ">
    <subfield code="a">Rabindra Bhavan,35 Ferozeshah Road </subfield>
    <subfield code="b">New Delhi </subfield>
    <subfield code="e">110001</subfield>
  </datafield>
  <datafield tag="300" ind1=" " ind2=" ">
    <subfield code="a">334p.</subfield>
    <subfield code="c">21cm(Pbk)</subfield>
  </datafield>
  <datafield tag="942" ind1=" " ind2=" ">
    <subfield code="2">ddc</subfield>
    <subfield code="c">EN</subfield>
    <subfield code="h">820</subfield>
    <subfield code="m">NAI</subfield>
  </datafield>
  <datafield tag="999" ind1=" " ind2=" ">
    <subfield code="c">199946</subfield>
    <subfield code="d">199946</subfield>
  </datafield>
  <datafield tag="952" ind1=" " ind2=" ">
    <subfield code="0">0</subfield>
    <subfield code="1">0</subfield>
    <subfield code="4">0</subfield>
    <subfield code="7">0</subfield>
    <subfield code="8">NFIC</subfield>
    <subfield code="a">L</subfield>
    <subfield code="b">L</subfield>
    <subfield code="d">2024-01-11</subfield>
    <subfield code="e">Bookwell Publication/554/2.12.23/30/23.11.23/4.12.23</subfield>
    <subfield code="g">300.00</subfield>
    <subfield code="l">2</subfield>
    <subfield code="m">2</subfield>
    <subfield code="o">820 NAI</subfield>
    <subfield code="p">B-756523</subfield>
    <subfield code="r">2024-07-06 00:00:00</subfield>
    <subfield code="s">2024-06-21</subfield>
    <subfield code="t">1</subfield>
    <subfield code="v">300.00</subfield>
    <subfield code="w">2024-01-11</subfield>
    <subfield code="y">EN</subfield>
  </datafield>
  <datafield tag="952" ind1=" " ind2=" ">
    <subfield code="0">0</subfield>
    <subfield code="1">0</subfield>
    <subfield code="4">0</subfield>
    <subfield code="7">0</subfield>
    <subfield code="8">NFIC</subfield>
    <subfield code="a">M</subfield>
    <subfield code="b">M</subfield>
    <subfield code="d">2024-01-11</subfield>
    <subfield code="e">Bookwell Publication/554/2.12.23/30/23.11.23/4.12.23</subfield>
    <subfield code="g">300.00</subfield>
    <subfield code="l">0</subfield>
    <subfield code="o">820 NAI</subfield>
    <subfield code="p">B-756524</subfield>
    <subfield code="r">2024-01-11 00:00:00</subfield>
    <subfield code="t">1</subfield>
    <subfield code="v">300.00</subfield>
    <subfield code="w">2024-01-11</subfield>
    <subfield code="y">EN</subfield>
  </datafield>
  <datafield tag="952" ind1=" " ind2=" ">
    <subfield code="0">0</subfield>
    <subfield code="1">0</subfield>
    <subfield code="4">0</subfield>
    <subfield code="7">0</subfield>
    <subfield code="8">NFIC</subfield>
    <subfield code="a">AV</subfield>
    <subfield code="b">AV</subfield>
    <subfield code="d">2024-01-11</subfield>
    <subfield code="e">Bookwell Publication/554/2.12.23/30/23.11.23/4.12.23</subfield>
    <subfield code="g">300.00</subfield>
    <subfield code="l">0</subfield>
    <subfield code="o">820 NAI</subfield>
    <subfield code="p">B-756525</subfield>
    <subfield code="r">2024-01-11 00:00:00</subfield>
    <subfield code="t">1</subfield>
    <subfield code="v">300.00</subfield>
    <subfield code="w">2024-01-11</subfield>
    <subfield code="y">EN</subfield>
  </datafield>
  <datafield tag="952" ind1=" " ind2=" ">
    <subfield code="0">0</subfield>
    <subfield code="1">0</subfield>
    <subfield code="4">0</subfield>
    <subfield code="7">0</subfield>
    <subfield code="8">NFIC</subfield>
    <subfield code="a">BL1</subfield>
    <subfield code="b">BL1</subfield>
    <subfield code="d">2024-01-11</subfield>
    <subfield code="e">Bookwell Publication/554/2.12.23/30/23.11.23/4.12.23</subfield>
    <subfield code="g">300.00</subfield>
    <subfield code="l">1</subfield>
    <subfield code="o">820 NAI</subfield>
    <subfield code="p">B-756526</subfield>
    <subfield code="r">2024-03-16 00:00:00</subfield>
    <subfield code="s">2024-03-02</subfield>
    <subfield code="t">1</subfield>
    <subfield code="v">300.00</subfield>
    <subfield code="w">2024-01-11</subfield>
    <subfield code="y">EN</subfield>
  </datafield>
  <datafield tag="952" ind1=" " ind2=" ">
    <subfield code="0">0</subfield>
    <subfield code="1">0</subfield>
    <subfield code="4">0</subfield>
    <subfield code="7">0</subfield>
    <subfield code="8">NFIC</subfield>
    <subfield code="a">ZLS</subfield>
    <subfield code="b">ZLS</subfield>
    <subfield code="d">2024-01-11</subfield>
    <subfield code="e">Bookwell Publication/554/2.12.23/30/23.11.23/4.12.23</subfield>
    <subfield code="g">300.00</subfield>
    <subfield code="l">1</subfield>
    <subfield code="o">820 NAI</subfield>
    <subfield code="p">B-756527</subfield>
    <subfield code="r">2026-02-21 00:00:00</subfield>
    <subfield code="s">2026-02-09</subfield>
    <subfield code="t">1</subfield>
    <subfield code="v">300.00</subfield>
    <subfield code="w">2024-01-11</subfield>
    <subfield code="y">EN</subfield>
  </datafield>
</record>
